La Enseñanza Individualizada /
Guardat en:
| Autor principal: | |
|---|---|
| Format: | Llibre |
| Idioma: | espanyol |
| Publicat: |
Barcelona, España :
CEAC,
1978
|
| Col·lecció: | (Educación y Enseñanza. Monográfica)
|
| Matèries: | |
| Etiquetes: |
Sense etiquetes, Sigues el primer a etiquetar aquest registre!
|
MARC
| LEADER | 00000nam^a2200000^a^4500 | ||
|---|---|---|---|
| 001 | 000014278 | ||
| 005 | 20250521000000.0 | ||
| 009 | 20260310083935.742 | ||
| 020 | |a 84-329-9304-2 | ||
| 037 | |a Acervo ITESO - Biblioteca | ||
| 041 | |a ESP | ||
| 082 | |a 371. 394 |b FER | ||
| 100 | |a Ferrández, Adalberto |e (autor) | ||
| 245 | 1 | 3 | |a La Enseñanza Individualizada / |c A. Ferrandez. |
| 264 | 1 | |a Barcelona, España : |b CEAC, |c 1978 | |
| 300 | |a 267 p. | ||
| 336 | |a texto |b txt |2 rdacontenido | ||
| 337 | |a sin mediación |b n |2 rdamedio | ||
| 338 | |a volumen |b nc |2 rdasoporte | ||
| 440 | 1 | |a (Educación y Enseñanza. |p Monográfica) | |
| 649 | |a XX | ||
| 650 | |a Educación Personalizada | ||
| 650 | |a Metodología Educativa | ||
| 910 | |a Fondo General | ||
| 920 | |a Impresos - Libros | ||
| 930 | |a Colección General | ||
| 905 | |a 101 | ||
| 901 | |a 0142780100 |b IT1 |c ACC |i 014278 |u 20250521 | ||
| 902 | |a https://opac.biblio.iteso.mx/vufind/Record/000014278 | ||